Eastern Utah Libraries Catalog: Duchesne, Heber, Roosevelt, & Vernal

Any way the wind blows / (Record no. 362987)

MARC details
000 -LEADER
fixed length control field 01057nam a22003258i 4500
001 - CONTROL NUMBER
control field BK0026878742
003 - CONTROL NUMBER IDENTIFIER
control field DLC
005 - DATE AND TIME OF LATEST TRANSACTION
control field 20210707124023.0
008 - FIXED-LENGTH DATA ELEMENTS--GENERAL INFORMATION
fixed length control field 210127s2021 nyu d 000 1 eng
020 ## - INTERNATIONAL STANDARD BOOK NUMBER
International Standard Book Number 9781250254337
Terms of availability 19.99
020 ## - INTERNATIONAL STANDARD BOOK NUMBER
International Standard Book Number 1250254337
Terms of availability 19.99
040 ## - CATALOGING SOURCE
Description conventions rda
092 ## - LOCALLY ASSIGNED DEWEY CALL NUMBER (OCLC)
Classification number young adult
999 ## - SYSTEM CONTROL NUMBERS (KOHA)
Koha Dewey Subclass [OBSOLETE] 03680094
100 1# - MAIN ENTRY--PERSONAL NAME
Personal name Rowell, Rainbow
Relator term author.
9 (RLIN) 5943206
245 10 - TITLE STATEMENT
Title Any way the wind blows /
Statement of responsibility, etc Rainbow Rowell.
250 ## - EDITION STATEMENT
Edition statement First edition.
263 ## - PROJECTED PUBLICATION DATE
Projected publication date 2107
264 #1 - Production, Publication, Distribution, Manufacture, and Copyright Notice.
Place of production, publication, distribution, manufacture New York :
Name of producer, publisher, distributor, manufacturer Wednesday Books,
Date of production, publication, distribution, manufacture, or copyr 2021.
336 ## - Content Type
Content type term text
337 ## - Media type
Media type term unmediated
338 ## - Carrier type
Carrier type term volume
520 ## - SUMMARY, ETC.
Summary, etc Simon, Baz, Penelope, and Agatha return to England, back to the Watford School of Magicks, and back to their families for a final adventure.
521 ## - TARGET AUDIENCE NOTE
Target audience note Ages 14-18.
Source Wednesday Books.
650 #1 - SUBJECT ADDED ENTRY--TOPICAL TERM
Topical term or geographic name as entry element Magic
Form subdivision Fiction.
9 (RLIN) 5673694
650 #1 - SUBJECT ADDED ENTRY--TOPICAL TERM
Topical term or geographic name as entry element Boarding schools
Form subdivision Fiction.
9 (RLIN) 5687815
650 #1 - SUBJECT ADDED ENTRY--TOPICAL TERM
Topical term or geographic name as entry element Schools
Form subdivision Fiction
9 (RLIN) 5673727
650 #1 - SUBJECT ADDED ENTRY--TOPICAL TERM
Topical term or geographic name as entry element Gays
Form subdivision Fiction.
9 (RLIN) 5708768
942 ## - ADDED ENTRY ELEMENTS (KOHA)
Source of classification or shelving scheme Dewey Decimal Classification
Koha item type BOOK
Holdings
Withdrawn status Lost status Source of classification or shelving scheme Damaged status Not for loan Collection code Home library Current library Shelving location Date acquired Source of acquisition Serial Enumeration / chronology Total Checkouts Total Renewals Full call number Barcode Date last seen Date checked out Cost, replacement price Price effective from Koha item type
    Dewey Decimal Classification     Young Adult Fiction Wasatch County Library Wasatch County Library Main Floor Teen Area 07/14/2021 Micromarketing #3 Simon Snow 6 5 YA Rowell 34301001803149 03/04/2024 12/16/2023 19.99 07/14/2021 BOOK
This project was made possible through a grant from the Institute of Museum and Library Service administered by the Utah State Library Division.

Wasatch County Library

  • 465 East 1200 South, Heber City, Utah 84032
  • Phone 435-654-1511 | Fax 435-654-6456

Hours

  • Monday - Friday 9:30 AM - 8:00 PM
  • Saturday 9:30 AM - 1:30 PM
  • Closed Sundays and Holidays